El Pensamiento militar latinoamericano. Fuerzas armadas latinoamericanas y transición a la democracia /

में बचाया:
ग्रंथसूची विवरण
मुख्य लेखक: Castillo Aliaga, Alamiro
अन्य लेखक: Moloeznik, Marcos Pablo
स्वरूप: मूलपाठ
प्रकाशित: Jalisco: Universidad de Guadalajara
टैग: टैग जोड़ें
कोई टैग नहीं, इस रिकॉर्ड को टैग करने वाले पहले व्यक्ति बनें!

MARC

LEADER 00000 a a2200000 04500
001 23115
003
040
020 |a 968-895-346-6  
090 |a 159500  
100 |a Castillo Aliaga, Alamiro  
245 |a El Pensamiento militar latinoamericano. Fuerzas armadas latinoamericanas y transición a la democracia /  |c Alamiro Castillo Aliaga 
260 |a Jalisco:   |b Universidad de Guadalajara  
300 |a 246 p.; VOL. 1  
700 |a Moloeznik, Marcos Pablo  
999 |c 316  |d 316